Week 2 Fantasy Football Leaders 2023 - Statistics

General Stats
  • This quiz has been taken 34 times
  • The average score is 16 of 25
Answer Stats
Points Scored Position Answer % Correct
23.66 Quarterback Josh Allen
100%
23.1 Wide Receiver Keenan Allen
96%
21.2 Quarterback Patrick Mahomes
96%
22.88 Quarterback Lamar Jackson
89%
25.22 Quarterback Jalen Hurts
86%
23.12 Quarterback Geno Smith
82%
25.92 Quarterback Russell Wilson
82%
22.2 Quarterback Justin Herbert
79%
30.74 Quarterback Daniel Jones
75%
21.26 Quarterback Sam Howell
68%
21.46 Quarterback CJ Stroud
64%
22.92 Quarterback Jared Goff
64%
22 Running back Kyren Williams
64%
28.56 Quarterback Kirk Cousins
61%
26.9 Running back Brian Robinson
57%
24.1 Running back De'Andre Swift
46%
25.22 Quarterback Joshua Dobbs
46%
23.1 Wide Receiver Mike Evans
46%
21.2 Running back Saquan Barkley
46%
21.38 Quarterback Desmond Ridder
43%
24.7 Running back Raheem Mostert
43%
20.6 Wide Receiver Nico Collins
39%
21.04 Quarterback Ryan Tannehill
32%
20.9 Wide Receiver Tee Higgins
29%
21.1 Running back Jerome Ford
14%
No matching quizzes found
Score Distribution
Percent of People with Each Score
Percentile by Number Answered
Your Score History
You have not taken this quiz